000
00329nam a2200145Ia 4500
008
191201s2004 xx 000 0 und d
082
_a
004.678
_b
COI
100
_a
COMER, Douglas E
245
4
_a
The Internet Book
250
_a
3rd
260
_a
N.Delhi
_b
PHI
_c
2004
300
_a
351
650
_a
B.Tech(CSE)
942
_2
ddc
_c
BK
999
_c
1190
_d
1190